Introducción a la Biología celular

Spremljeno u:
Bibliografski detalji
Glavni autori: Alberts, Bruce, Lewis, Julian (Autor)
Daljnji autori: Bray, Dennis, Hopkin, Karen, Johnson, Alexander, Raff, Martin, Roberts, Keith, Walter, Peter
Format: Knjiga
Jezik:španjolski
Izdano: Buenos Aires Médica-Panamericana 2006
Izdanje:Segunda edición
Teme:
Oznake: Dodaj oznaku
Bez oznaka, Budi prvi tko označuje ovaj zapis!

MARC

LEADER 00000nam a2200000 a 4500
001 UCI3631
003 CL-VaPUC
005 20241203110145.0
008 071123e20060000AG |||||||||||||||||spa|d
999 |c 327766  |d 327764 
020 |a 8479035234 
040 |c Pontificia Universidad Católica de Valparaíso 
082 0 4 |a 571.6 ALB 2006  |2 21 
100 0 |a Alberts, Bruce  |9 60 
245 1 0 |a Introducción a la Biología celular 
250 |a Segunda edición 
260 |a Buenos Aires  |b Médica-Panamericana  |c 2006 
300 |a 740 páginas 
583 |a last modification  |c 20071123 00:00:00  |k Rodrigo Vera 
650 0 |a Biología celular  |9 341055 
650 0 |a Histología  |x Tejidos  |9 269548 
650 0 |a Bioquímica  |9 259672 
650 0 |a Genética  |9 259616 
700 0 |a Bray, Dennis  |9 525055 
700 0 |a Hopkin, Karen  |9 525056 
700 0 |a Johnson, Alexander  |9 525057 
700 |a Lewis, Julian  |e author  |9 599840 
700 0 |a Raff, Martin  |9 525059 
700 0 |a Roberts, Keith  |9 525060 
700 0 |a Walter, Peter  |9 525061 
942 |c BK  |2 ddc 
945 |d 20071123 00:00:00  |a rbrito 
952 |0 0  |1 0  |2 ddc  |4 0  |6 571_600000000000000_ALB_2006  |7 0  |8 A  |9 411184  |a BIBCUR  |b BIBCUR  |d 2019-11-22  |i 4387651  |l 13  |o 571.6 ALB 2006  |p 4387651  |r 2025-04-22  |s 2025-03-10  |t 1  |w 2019-11-22  |y BK  |k BIO 
952 |0 0  |1 0  |2 ddc  |4 0  |6 571_600000000000000_ALB_2006  |7 0  |8 A  |9 411185  |a BIBCUR  |b BIBCUR  |d 2019-11-22  |i 4405595  |l 12  |m 6  |o 571.6 ALB 2006  |p 4405595  |r 2025-04-22  |s 2025-03-10  |t 2  |w 2019-11-22  |y BK  |k BIO